01885cam a22004817a 45000010005000000030006000050050017000110080041000280100017000690200028000860200025001140200025001390200022001640200035001860200015002210400071002360500009003070820012003161000019003282450089003472600048004363000047004844900033005315000064005645050007006285200166006355210021008015210018008226000062008406500029009026500042009316500048009736500017010216500030010386550019010686550026010876550040011137000035011539060045011889420015012339990015012489520140012634350FISKH20240731102539.0140519s2013 nyua b 000 1 eng d a 2014381465 a9781451798326 (PawPrnt) a1451798326 (PawPrnt) a9780547968209 (pbk.) a0547968205 (pbk.) a9780547968193 (paperoverboard) a0547968191 aBTCTAbengcBTCTAdOCOdJAOdBULdIUKdIEPdIGPdYDXCPdOCLCFdDLC aPZ7  a782.42 1 aGreku, Borana.10aCurious George :bdance party /cadaptation by Borana Greku and Alessandra Preziosi. aBoston :bHoughton Mifflin Harcourt,c2013. a24 pages : bcolor illustrations ; c23 cm1 aGreen light readers. Level 1 a"Based on the TV series teleplay written by Raye Lankford." aK  aCurious George loves to dance! But when his friend Bill doesn't want to go to the dance party, George teaches him that learning to dance with friends can be fun.2 a510 bLexile AD 2 aK bRaz-Plus 00aCurious Georgec(Fictitious character)vJuvenile fiction. 0aDancevJuvenile fiction. 0aPattern perceptionvJuvenile fiction. 7aCurious George (Fictitious character)2fast 7aDance.2fast 7aPattern perception.2fast 7aFiction.2fast 7aJuvenile works.2fast 7aRadio and television novels.2gsafd1 aPreziosi, Alessandra.eAuthor  a7bcbcccopycatd2encipf20gy-gencatlg 2ddccBKn0 c4350d4350 00102ddc40708JUVFa001b001cTK Yellowd2024-07-31l1oGRE 782.42 PZ7 pFISTK01546r2024-09-06 14:08:40s2024-08-12w2024-07-31yBK